000 00622nam a2200217Ia 4500
001 7373
003 GE_BSU
008 181216s||||||||xx |||||||||||||| ||und||
040 _cGE_BSU
080 _a621.395.74
100 _aГрязнов,Ю.М. Сагалович,Л.И.
245 _aГородские телефонные станции.
245 _bУчеб.
245 _cРед. М.И.Сорокина.
260 _aМ.
260 _bВысшая школа.
260 _c1972.
300 _a296стр.21см.с илл.
653 _aГородские телефонные станции.
942 _cBK
999 _c40734
_d40734